Dalit migrants: Assertion, emancipation, and social change (Record no. 395743)

MARC details
000 -LEADER
fixed length control field 00671 a2200229 4500
005 - DATE & TIME
control field 20260401105643.0
008 - FIXED-LENGTH DATA ELEMENTS--GENERAL INFORMATION
fixed length control field 260319b |||||||| |||| 00| 0 eng d
020 ## - ISBN
International Standard Book Number 9783031778636
Price Rs. 1795.00
040 ## - CATALOGING SOURCE
Original cataloging agency VIVEKANANDA LIBRARY
082 ## - DDC NUMBER
Classification number 305.5688
Book Number P193D
100 ## - MAIN ENTRY--PERSONAL NAME
Personal name Pankaj, Ajeet Kumar
245 ## - TITLE STATEMENT
Title Dalit migrants: Assertion, emancipation, and social change
260 ## - PUBLICATION, DISTRIBUTION, ETC. (IMPRINT)
Name of publisher, distributor, etc Rawat Publication
Date of publication, distribution, etc 2025
Place of publication, distribution, etc Manipur
300 ## - PHYSICAL DESCRIPTION
Pages xxiii, 140
440 ## - Series Statement
Series Title Springer series in social work and social change
650 ## - Subject
Subject Social Sciences
650 ## - Subject
Subject Social Groups
650 ## - Subject
Subject Social Classes
650 ## - Subject
Subject Lower Classes
650 ## - Subject
Subject Scheduled castes-India
942 ## - ADDED ENTRY ELEMENTS (KOHA)
Koha item type Books
Holdings
Withdrawn status Lost status Source of classification or shelving scheme Damaged status Not for loan Location (home branch) Sublocation or collection (holding branch) Shelving location Date acquired Koha issues (times borrowed) Koha full call number Accession No. Koha date last seen Koha item type
    Dewey Decimal Classification     VIVEKANANDA LIBRARY VIVEKANANDA LIBRARY Vivekananda Library 22/01/2026   305.5688 P193D 444524 22/01/2026 Books
© Designed and Maintained by Vivekananda Library, MDU Rohtak